Väkirikkaimmat valtiot vuonna 1950 - Statistics

Yleistilastot
  • Tätä visaa on pelattu 1 751 kertaa
  • Keskiarvotulos 16 / 20
Vastaustilastot
Väkiluku Valtio % Oikein
563 milj. Kiina
99%
152 milj. Yhdysvallat
97%
370 milj. Intia
96%
52 milj. Länsi-Saksa
93%
133 milj. Ranskan imperiumi
93%
53 milj. Brasilia
90%
140 milj. Brittiläinen imperiumi
89%
84 milj. Japani
88%
189 milj. Neuvostoliitto
88%
28 milj. Espanja
86%
48 milj. Italia
83%
29 milj. Meksiko
83%
83 milj. Indonesia
75%
21 milj. Egypti
69%
21 milj. Turkki
68%
86 milj. Pakistan
64%
25 milj. Puola
62%
21 milj. Etelä-Korea
49%
21 milj. Filippiinit
49%
25 milj. Belgia
31%
Ehtoja vastaavia visoja ei löytynyt
Tulosjakauma
Jokaisen tuloksen saaneiden osuus
Persentiili vastausten määrän mukaan
Tuloshistoriasi
Et ole pelannut tätä visaa